| 000 | 00741nam a22002651 4500 | ||
|---|---|---|---|
| 001 | 17871 | ||
| 003 | BD-RjUL | ||
| 005 | 20211209000214.0 | ||
| 008 | 140219s1954 enk 000 1 eng | ||
| 035 | _a(BD-RjUL)17929 | ||
| 035 | _a(OCoLC)4900707 | ||
| 040 |
_aDLC _cLU _dDLC _dBD-RjUL _beng |
||
| 041 | _aeng | ||
| 082 |
_a821.89 _bKIR 1954 |
||
| 100 | 1 |
_aKipling, Rudyard, _d1865-1936. _955129 |
|
| 245 | 0 | 0 |
_aRudyard Kipling's verse / _cRudyard Kipling |
| 250 | _aDefinitive ed. | ||
| 260 |
_aLondon : _bHodder and Stoughton limited, _c1954. |
||
| 300 |
_axvi, 844, [1] p. ; _c22 cm. |
||
| 500 | _a"First published in 1940." | ||
| 650 |
_aPoets _vEnglish _955150 |
||
| 942 |
_2ddc _cBK |
||
| 999 |
_c17871 _d17871 |
||